01033nab a22001937a 4500003000400000005001700004008004100021040000700062100002600069245008700095260007300182300001500255500003500270505026000305505008100565650001800646650002300664773015200687OSt20260202132435.0190429b xxu||||| |||| 00| 0 spa d cPJ aLeiva, Ricardo Daniel13aLa conducta ética de los litigantes en el proceso penal /cRicardo Daniel Leiva. cCiudad Autónoma de Buenos Aires :aThomson Reuters La Ley, b2023. ap. 159-169 aCita Online: AR/DOC/1817/2023. aSumario: I. Introducción.— II. Los principios procesales de la litigación: el buen litigante.— III. La conducta de los litigantes en el proceso acusatorio-adversarial.— IV. La actitud del buen litigante durante el proceso penal.— V. Colofón. tSi te interesa el texto completo, solicitalo a koha@justierradelfuego.gov.ar 0aDERECHO PENAL 0aETICA PROFESIONAL 0 02658tRevista de derecho penal y criminología. Nº 9 - Octubre 2023dCiudad Autónoma de Buenos Aires : Thomson Reuters La Ley, 2017-x00347914